000 00312nam a22001457a 4500
008 210308b ||||| |||| 00| 0 eng d
020 _a9781285436593
041 _aeng
080 _a82
082 _a82
100 _a22
101 _aGJL
245 _aWriting Analytically
_cRosenwasser, D
942 _2udc
_cBK
999 _c55999
_d55999